01066nam a2200265 i 45000010005000000030009000050050017000140080041000310200018000720800026000900800029001161000039001452450201001842500012003852600037003973000028004344900040004626500042005026500043005448300046005878520022006339420008006559990015006639520122006785591ES-MaACL20250830052202.0881216s1986 sp ||||1| spa d a84-7658-011-8 a070.13(46)"1923/1930" a351.751.1(46)"1923/1930"1 aSantonja, Gonzalo, d1952-910345110aDel lápiz rojo al lápiz libre : bla censura previa de publicaciones periódicas y sus consecuencias editoriales durante los últimos años del reinado de Alfonso XIII / cGonzalo Santonja. a1ª ed. aBarcelona : bAnthropos, c1986. a251 p., 2 h. ; c20 cm.1 aÁmbitos literarios. Ensayo ; v15 4aLibertad de prensa-zEspaña.914414 4aCensura-zEspaña-y1923-1930.91087710aÁmbitos literarios.pEnsayov1592362394 aES-MaACLjL-12364 2udc c5591d5591 00104070aATENEOMbATENEOMcDEPO2d2008-01-17eSCl0oL-12364p1005667r2023-02-23 00:00:00w2023-02-23yMONOGRAFIA